Szczegóły MARC21

Edukacja i socjalizacja w życiu osoby niepełnosprawnej /

003 -Nazwa inst., której nr kontr. jest w polu 001 [,]
    • @
    • Nazwa instytucji, której n kontrolny jest w polu 001
    • NUKAT
005 -DATA I CZAS OSTATNIEJ MODYFIKACJI [,]
    • @
    • pole kontrolne
    • 20241231102250.0
020 -Międzynarod. znormalizowany nr książki - ISBN [ , ]
    • a
    • Numer ISBN
    • 9788361991854 Find
040 -Instytucja sporządzająca opis [ , ]
    • a
    • Instytucja, która sporządziła opis (NP)
    • TOR U/PDJR
    • c
    • Instytucja, która sporządziła rekord (NP)
    • TOR U/PDJR
    • d
    • Instytucja, która zmodyfikowała rekord (P)
    • TOR U/JR
    • d
    • Instytucja, która zmodyfikowała rekord (P)
    • KR U/BOs
    • d
    • Instytucja, która zmodyfikowała rekord (P)
    • WR O/dja
942 -Rodzaj dokumentu [ , ]
    • c
    • Rodzaj dokumentu
    • Książka
245 -Strefa tytułu i oznaczenia odpowiedzialności [0,0]
    • a
    • Tytuł
    • Edukacja i socjalizacja w życiu osoby niepełnosprawnej / Find
    • c
    • Pozostałe elementy strefy tytułu i oznaczenia odpowiedzialności (NP)
    • red. nauk. Anna Klinik, Dorota Prysak.
260 -Strefa adresu wydawniczego [ , ]
    • a
    • Miejsce wydania (P)
    • Sosnowiec :
    • b
    • Nazwa wydawcy (P)
    • Oficyna Wydawnicza "Humanitas". Wyższa Szkoła Humanitas,
    • c
    • Data wydania (P)
    • 2011.
300 -Strefa opisu fizycznego [ , ]
    • a
    • Określenie formy książki i/lub objętość (NP)
    • 255 s. :
    • b
    • Oznaczenie ilustracji (NP)
    • il. ;
    • c
    • Format (NP)
    • 24 cm.
336 -Typ zawartości [ , ]
    • a
    • Termin opisujący typ zawartości
    • Tekst
    • b
    • Kod określający zawartość
    • txt
    • 2
    • Źródło (terminu i kodu)
    • rdacontent
337 -Typ mediów [ , ]
    • a
    • Tryb odtwarzania
    • Bez urządzenia pośredniczącego
    • b
    • Kod typu mediów
    • n
    • 2
    • Źródło (terminu i kodu)
    • rdamedia
338 -Typ/rodzaj nośnika [ , ]
    • a
    • Hasło opisujące typ nośnika
    • Wolumin
    • b
    • Kod typu nośnika
    • nc
    • 2
    • Źródło (terminu i kodu)
    • rdacarrier
504 -Uwaga dot. bibliogr. załącznikowej [ , ]
    • a
    • Uwaga dot. bibliografii załącznikowej
    • Bibliogr. przy rozdz.
080 -Uniwersalna Klasyfikacja Dziesiętna [ , ]
    • 2
    • Identyfikator wydania tablic
    • UDC-P058
    • 9
    • UKD
    • 3819
    • a
    • Symbol klasyfikacji
    • 37.013.82
    • b
    • Dopowiedzenie
    • Pedagogika specjalna. Pedagogika lecznicza (terapeutyczna). Pedagogika rewalidacyjna. Ortopedagogika
080 -Uniwersalna Klasyfikacja Dziesiętna [ , ]
    • 2
    • Identyfikator wydania tablic
    • UDC-P058
    • 9
    • UKD
    • 13188
    • a
    • Symbol klasyfikacji
    • 159.9-056.26
    • b
    • Dopowiedzenie
    • Psychologia ludzi niepełnosprawnych fizycznie.
080 -Uniwersalna Klasyfikacja Dziesiętna [ , ]
    • 2
    • Identyfikator wydania tablic
    • UDC-P058
    • 9
    • UKD
    • 13189
    • a
    • Symbol klasyfikacji
    • 159.9-056.36
    • b
    • Dopowiedzenie
    • Psychologia ludzi niepełnosprawnych (upośledzonych) umysłowo.
080 -Uniwersalna Klasyfikacja Dziesiętna [ , ]
    • 2
    • Identyfikator wydania tablic
    • UDC-P058
    • 9
    • UKD
    • 23173
    • a
    • Symbol klasyfikacji
    • 376-056.26
    • b
    • Dopowiedzenie
    • Nauczanie (rewalidacja) osób niepełnosprawnych fizycznie.
080 -Uniwersalna Klasyfikacja Dziesiętna [ , ]
    • 2
    • Identyfikator wydania tablic
    • UDC-P058
    • 9
    • UKD
    • 3921
    • a
    • Symbol klasyfikacji
    • 376-056.36
    • b
    • Dopowiedzenie
    • Nauczanie (rewalidacja) osób upośledzonych umysłowo. Pedagogika upośledzonych umysłowo. Oligofrenopedagogika.
080 -Uniwersalna Klasyfikacja Dziesiętna [ , ]
    • 2
    • Identyfikator wydania tablic
    • UDC-P058
    • 9
    • UKD
    • 2788
    • a
    • Symbol klasyfikacji
    • 316.344-056.26
    • b
    • Dopowiedzenie
    • Niepełnosprawni fizycznie.
080 -Uniwersalna Klasyfikacja Dziesiętna [ , ]
    • 2
    • Identyfikator wydania tablic
    • UDC-P058
    • 9
    • UKD
    • 12968
    • a
    • Symbol klasyfikacji
    • 316.344-056.36
    • b
    • Dopowiedzenie
    • Niepełnosprawni umysłowo.
650 -Hasło przedmiotowe [ ,7]
    • a
    • Hasło przedmiotowe
    • Osoby z niepełnosprawnością
    • x
    • Określnik rzeczowy
    • edukacja.
    • 2
    • Źródło terminu
    • kaba
    • 9
    • KHW
    • 121379
650 -Hasło przedmiotowe [ ,7]
    • a
    • Hasło przedmiotowe
    • Osoby z niepełnosprawnością
    • x
    • Określnik rzeczowy
    • integracja.
    • 2
    • Źródło terminu
    • kaba
    • 9
    • KHW
    • 369239
650 -Hasło przedmiotowe [ ,7]
    • a
    • Hasło przedmiotowe
    • Osoby z niepełnosprawnością
    • x
    • Określnik rzeczowy
    • rodzina.
    • 2
    • Źródło terminu
    • kaba
    • 9
    • KHW
    • 368949
650 -Hasło przedmiotowe [ ,7]
    • a
    • Hasło przedmiotowe
    • Socjalizacja.
    • 2
    • Źródło terminu
    • kaba
    • 9
    • KHW
    • 130397
980 -Symbol UKD [ , ]
    • a
    • UKD
    • 37.013.82:159.9-056.26:159.9-056.36:376-056.26:376-056.36:316.344-056.26:316.344-056.36
700 -Hasło dodatkowe - nazwa osobowa [1, ]
    • a
    • Nazwa osobowa (NP)
    • Klinik, Anna. Find
    • e
    • Określenie rodzaju współpracy
    • Red.
    • 9
    • KHW
    • 46535
700 -Hasło dodatkowe - nazwa osobowa [1, ]
    • a
    • Nazwa osobowa (NP)
    • Prysak, Dorota. Find
    • e
    • Określenie rodzaju współpracy
    • Red.
    • 9
    • KHW
    • 46536
710 -Hasło dodatkowe - nazwa ciała zbiorowego [2, ]
    • a
    • Nazwa ciała zbiorowego lub nazwa geograficzna jako pierwszy element (NP)
    • Wyższa Szkoła Humanitas (Sosnowiec).
    • b
    • Nazwa jednostki podrzędnej (P)
    • Oficyna Wydawnicza.
    • 4
    • Kod relacji
    • pbl
    • 9
    • KHW
    • 53997
920 -ISBN [ , ]
    • a
    • ISBN
    • 978-83-61991-85-4 Find
Numer inwentarzowy Status udost. Data inwentaryzacji Lokalizacja
Z.11617812012-07-06BG